| 000 | 00405nam a2200193Ia 4500 | ||
|---|---|---|---|
| 005 | 20251020182541.0 | ||
| 008 | 200515s9999 xx 000 0 und d | ||
| 082 | _a741/V38D | ||
| 100 | _aVELASCO, J. | ||
| 245 | 0 | _aDibujando a la pluma | |
| 250 | _a5a ed. | ||
| 260 | _aBarcelona | ||
| 260 | _c1968 | ||
| 300 | _a141 | ||
| 500 | _a1 ejemplar | ||
| 650 | _aDIBUJO | ||
| 650 | _aLIB | ||
| 942 | _cLIB | ||
| 999 |
_c2416 _d2416 |
||